00359nam a2200133Ia 4500008004100000020001500041041001200056100001800068245006000086260004000146300000800186650001500194700001600209221030s9999 xx 000 0 und d a8131721216 aEnglish aS. P. Robbins 0aOrganisational Behaviourcby S. P. Robbins, T. A. Judge bPearson EducationaNew Delhic2009 a782 aManagement aT. A. Judge